|
|
แสดงรายละเอียดบรรณานุกรม |
|
|
Brief Record
: Get Marc (ISO 2709)
: E-mail record
: |
|
|
|
| LEADER 00000nam 2200000uu 4500 | |||
| 001 206316 | |||
| 003 ULIBM | |||
| 008 110828s2552||||th 000 0 tha d | |||
| 024 978-974-4126-25-2 | |||
| 060 0 HD 37.T5 พ524อ 2552. | |||
| 100 0 ^aพัชสิรี ชมภูคำ. | |||
| 245 00 ^aองค์การและการจัดการ = Organization and management./^bพัชสิรี ชมภูคำ. | |||
| 246 0 ^aOrganization and management. | |||
| 246 0 ^aการบริหารและพัฒนาวิชาชีพ | |||
| 260 ^aกรุงเทพฯ : ^bแมคกรอ ฮิล,^c2552. | |||
| 300 ^aจำนวน 246 หน้า ;^bภาพปรนะกอบ. | |||
| 650 0 ^aการจัดการองค์การ. | |||
| 650 0 ^aองค์การ. | |||
| 650 0 ^aการบริหารและพัฒนาวิชาชีพ | |||
| 999 ^aใช้งานได้ทุกระบบ | |||
| คุณยังไม่ได้ล็อกอิน คุณสามารถมีกิจกรรมร่วมกับเว็บไซต์ได้ แต่ต้องล็อกอินก่อน :: |
|
| สถานะ | |||||||||
| 1. | หนังสือทั่วไป สถานะ=หนังสือเก่า - บริการ ณ ห้องสมุด (ห้องเหลือง) | HD 37.T5 พ524อ 2552 ฉ.2 | On Shelf ขอยืม | ||||||
| 2. | หนังสือทั่วไป สถานะ=หนังสือเก่า - บริการ ณ ห้องสมุด (ห้องเหลือง) | HD 37.T5 พ524อ 2552 ฉ.4 | On Shelf ขอยืม | ||||||
| [แสดง 2/2 รายการ] | |||||||||
BibComment |
| คอมเมนท์ทรัพยากรรายการนี้ |
|
|